Es verdad: el Señor ha resucitado!
Furkejuvvon:
| Searvvušdahkki: | |
|---|---|
| Materiálatiipa: | Girji |
| Giella: | espánnjágiella |
| Almmustuhtton: |
Santander
Sal Terrae
2002
|
| Ráidu: | Colección Recursos Catequéticos, 16
|
| Fáttát: | |
| Fáddágilkorat: |
Lasit fáddágilkoriid
Eai fáddágilkorat, Lasit vuosttaš fáddágilkora!
|
MARC
| LEADER | 00000cam a2200000 a 4500 | ||
|---|---|---|---|
| 001 | UCF9181 | ||
| 003 | CL-VaPUC | ||
| 008 | 131025e20020000sp |||||||||||||||||spa|d | ||
| 020 | |a 8429314571 | ||
| 082 | 0 | 4 | |a 268.434 |b SEC |2 21 |
| 110 | 2 | |a Secretariado Catequístico de la Diócesis de Verona |e author |9 571422 | |
| 245 | 1 | 0 | |a Es verdad: el Señor ha resucitado! |
| 300 | |a 188 p | ||
| 942 | |c BK | ||
| 945 | |d 20131025 12:28:00 |a dcastane | ||
| 260 | |a Santander |b Sal Terrae |c 2002 | ||
| 650 | 0 | |a Catecismo |9 333878 | |
| 650 | 0 | |a Catequesis |9 314526 | |
| 650 | 0 | |a Adultos |9 335034 | |
| 583 | |a last modification |c 20131115 05:14:48 |k Rodrigo Vera | ||
| 490 | 0 | |a Colección Recursos Catequéticos, 16 | |
| 999 | |c 353665 |d 353663 | ||
| 952 | |0 0 |1 0 |3 erb |4 0 |6 268_434000000000000_SEC_2002 |7 0 |8 A |9 459013 |a BIBTEO |b BIBTEO |d 2019-11-23 |i 5023173 |o 268.434 SEC 2002 |p 5023173 |r 2025-01-17 |w 2019-11-23 |y BK |z Catalogado en:20131025 |k ICR | ||